Random Drama Movie List - Statistics

General Stats
  • This quiz has been taken 8 times
  • The average score is 16 of 53
Answer Stats
Year 2 Actors 2 Characters Status Subgenre Adaptation Answer % Correct
2018 Rami MalekBen Hardy Freddie MercuryRoger Taylor Standalone Musical Biographical True Story Bohemian Rhapsody
100%
2013 Leonardo DiCaprioTobey Maguire Jay GatsbyNick Carraway Standalone Romantic Period Novel The Great Gatsby
86%
1994 Tom HanksRobin Wright Forrest GumpJenny Curran Standalone Historical Drama Book Forrest Gump
71%
1997 Matt DamonRobin Williams Will HuntingSean Maguire Standalone Psychological Drama N/A Good Will Hunting
71%
1994 Morgan FreemanTim Robbins Ellis Boyd ReddingAndy Dufresne Standalone Prison Drama Novella The Shawshank Redemption
71%
2007 Elliot PageMichael Cera Juno MacGuffPaulie Bleeker Standalone Coming-of-age Comedy-Drama N/A Juno
57%
2023 Cillian MurphyFlorence Pugh Dr. Robert OppenheimerJean Tatlock Standalone Historical Biographical Book Oppenheimer
57%
2015 O'Shea Jackson Jr.Jason Mitchell Ice CubeEazy-E Standalone Musical Biographical True Story Straight Outta Compton
57%
2010 Jesse EisenbergAndrew Garfield Mark ZuckerbergEduardo Saverin Standalone Biographical Tech Book The Social Network
57%
1998 Jim CarreyLaura Linney Truman BurbankMeryl Burbank Standalone Satirical Sci-Fi N/A The Truman Show
57%
2002 Marshall MathersBrittany Murphy B-RabbitAlex Standalone Musical Drama N/A 8 Mile
43%
2022 Tom HanksMariana Treviño OttoMarisol Standalone Grief Comedy-Drama Novel A Man Called Otto
43%
2021 Ben PlattKaitlyn Dever Evan HansenZoe Murphy Standalone Musical Coming-of-age Stage Musical Dear Evan Hansen
43%
2013 Leonardo DiCaprioJonah Hill Jordan BelfortDonnie Azoff Standalone Biographical Crime Memoir The Wolf of Wall Street
43%
2014 Miles TellerJ.K. Simmons AndrewTerence Fletcher Standalone Musical Psychological N/A Whiplash
43%
2011 Joseph Gordon-LevittSeth Rogen AdamKyle Standalone Cancer Dramedy True Story 50/50
29%
2009 Tobey MaguireJake Gyllenhaal Sam CahillTommy Cahill Standalone War Psychological N/A Brothers
29%
2015 Taryn ManningRaymond Cruz Michelle KnightAriel Castro Standalone True Crime Memoir Cleveland Abduction
29%
1989 Robin WilliamsEthan Hawke John KeatingTodd Anderson Standalone Coming-of-age Drama N/A Dead Poets Society
29%
2003 Shia LeBoeufKhleo Thomas Stanley YelnatsHector Zeroni Standalone Adventure Drama Novel Holes
29%
1995 Leonardo DiCaprioMark Wahlberg Jim CarrollMickey Standalone Biographical Crime Memoir The Basketball Diaries
29%
2009 Sandra BullockQuinton Aaron Leigh Anne TuohyMichael Oher Standalone Sports Biography Book The Blind Side
29%
2010 Jaden SmithJackie Chan Dre ParkerMr. Han Reboot Martial Arts Sports N/A The Karate Kid
29%
2019 Shia LeBeoufDakota Johnson TylerEleanor Standalone Adventure Coming-of-age N/A The Peanut Butter Falcon
29%
2022 Brendan FraserSadie Sink CharlieEllie Standalone Psychological Character-study Stage Play The Whale
29%
2022 Paul MescalFrankie Corio CalumSophie Standalone Coming-of-age Memory N/A Aftersun
14%
2022 Heida ReedJoe Cole Naja HolmIver Iverson Standalone Survival Expedition Book Against the Ice
14%
2020 Taylor RichardsonRhenzy Feliz JordanTy Standalone Coming-of-age Resilience Novel All Together Now
14%
1990 Robin WilliamsRobert De Niro Dr. Malcolm SayerLeonard Lowe Standalone Biographical Drama Non-fiction Book Awakenings
14%
2018 Steve CarellTimothée Chalamet David SheffNic Sheff Standalone Addiction Biographical Memoir Beautiful Boy
14%
2024 Kingsley Ben-AdirLashana Lynch Bob MarleyRita Marley Standalone Musical Biographical True Story Bob Marley: One Love
14%
2016 Chloë Grace MoretzTyler Perry Susannah CahalanRichard Standalone Medical Biographical Memoir Brain on Fire
14%
2014 Jon FavreauScarlet Johansson Carl CasperMolly Standalone Food Comedy-Drama N/A Chef
14%
2021 Kevin HartAnthony Carrigan Mathew LogelinOscar Standalone Parenting Biographical Memoir Fatherhood
14%
2017 Mckenna GraceChris Evans Mary AdlerFrank Adler Standalone Family Mathematical N/A Gifted
14%
2022 Adam SandlerJuancho Hernangómez Stanley BerenBo Cruz Standalone Sports Basketball N/A Hustle
14%
2020 Jesse PlemonsJessie Buckley JakeLucy Standalone Psychological Thriller Novel I'm Thinking of Ending Things
14%
2016 Casey AffleckLucas Hedges Lee ChandlerPatrick Chandler Standalone Grief-Centered N/A Manchester by the Sea
14%
2019 Adam DriverScarlet Johansson Charlie BarberNicole Barber Standalone Divorce Character-study N/A Marriage Story
14%
2017 Ross LynchAlex Wolff Jeffrey DahmerJohn Backderf Standalone Biographical Crime Graphic Novel My Friend Dahmer
14%
2009 Gabriel SundayBrooke Nevin Archibald Holden Buster WilliamsSierra Silver Standalone Teen Psychological N/A My Suicide | Archie's Final Project
14%
2011 Gong YooJung Yu-mi Kang In-hoSea Yoo-jin Standalone Social Issue Novel Silenced
14%
2023 Enzo VogrincicAgustin Pardella Numa TurcattiNando Parrado Standalone Survival Disaster Book Society of the Snow
14%
2019 Riz AhmedOlivia Cooke Ruben StoneLou Standalone Disability N/A Sound of Metal
14%
2011 Jake McDormanWilliam Baldwin Philip MarkoffDetective Bennett Standalone True Crime True Story The Craigslist Killer
14%
1999 Michelle PfeifferRyan Merriman Beth CappadoraBen Cappadora Standalone Family Drama Novel The Deep End of the Ocean
14%
2019 Machine Gun KellyDaniel Webber Tommy LeeVince Neil Standalone Musical Biographical Autobiographical Book The Dirt
14%
2016 Michael KeatonNick Offerman Ray KrockDick McDonald Standalone Biographical Business True Story The Founder
14%
2012 Ewan McGregorTom Holland HenryLucas Standalone Disaster Survival True Story The Impossible
14%
2018 Maggie GyllenhaalParker Sevak Lisa SpinelliJimmy Roy Standalone Psychological Character Study Remake The Kindergarten Teacher
14%
2020 Richard JenkinsShane Paul McGhie StanleyJevon Standalone Workplace Character-study N/A The Last Shift
14%
2006 Will SmithJaden Smith Chris GardnerChristopher Standalone Biographical Drama Memoir The Pursuit of Happyness
14%
2017 Lily CollinsKeanu Reeves EllenDr. Beckham Standalone Eating Disorder N/A To The Bone
14%
No matching quizzes found
Score Distribution
Percent of People with Each Score
Percentile by Number Answered
Your Score History
You have not taken this quiz